|
|
|
|
| LEADER |
00000nam a2200000 a 4500 |
| 001 |
vtls001361557 |
| 003 |
SK-MaSNL |
| 005 |
20260302000323.0 |
| 008 |
240314s1957 xr 0 cze |
| 035 |
|
|
|a SNK000315136
|
| 040 |
|
|
|a SNK
|b slo
|c SNK
|e AACR2
|
| 041 |
1 |
|
|a cze
|h ukr
|
| 044 |
|
|
|a xr
|c CZ
|
| 100 |
1 |
|
|a Kobyljans'ka, Ol'ha,
|d 1863-1942
|4 aut
|9 121076
|
| 245 |
1 |
0 |
|a Čarodějné kvítí
|
| 260 |
|
|
|a Praha
|b Mladá fronta
|c 1957
|
| 300 |
|
|
|a 206 s.
|
| 650 |
0 |
7 |
|a ukrajinská literatúra
|2 SNK
|9 1218
|
| 999 |
|
|
|c 979039
|d 980969
|
| 952 |
|
|
|t P60, <05>, [BOOK], {605}
|a SNK
|b SNK
|y PREZ
|7 0
|p 17A0190389
|o snkID 16604
|0 0
|1 0
|4 0
|d 1999-04-23
|l 0
|r 2005-01-02 00:00:00
|w 2026-02-24
|
| 952 |
|
|
|a SNK
|b SNK
|y NEVYP
|7 0
|p 17A0362094
|o snkID 16604 D1
|0 0
|1 1
|4 0
|d 2002-10-24
|l 0
|r 2005-01-02 00:00:00
|w 2026-02-24
|